Ajax players (2010-2020) - Statistics

General Stats
  • This quiz has been taken 41 times
  • The average score is 52 of 123
Answer Stats
Rank Player Positions Nationality Matches Goals (assists) Period % Correct
6 André Onana GK 122 0 (1) 2016-2020
100%
32 Frenkie de Jong CM 57 4 (12) 2016-2019
100%
20 Matthijs de Ligt CB 77 8 (5) 2016-2019
100%
4 Siem de Jong AM 139 48 (26) 2010-2014, 2017-2018, 2019-2020
97%
15 David Neres RW 81 31 (27) 2016-2020
94%
9 Hakim Ziyech RW 112 38 (54) 2016-2020
94%
19 Kasper Dolberg ST 78 33 (11) 2016-2020
94%
1 Lasse Schöne DM 201 49 (46) 2012-2019
94%
3 Daley Blind CB 151 8 (12) 2010-2015, 2018-2020
90%
30 Dušan Tadić RW 59 39 (28) 2018-2020
90%
40 Noussair Mazraoui RB 49 1 (1) 2017-2020
90%
25 Nicolás Tagliafico LB 68 6 (10) 2017-2020
87%
12 Toby Alderweireld CB 92 5 (6) 2010-2014
87%
7 Donny van de Beek CM 118 28 (24) 2015-2020
84%
29 Jan Vertonghen CB 63 14 (2) 2010-2012
84%
67 Sergiño Dest RB 20 0 (5) 2019-2020
81%
11 Christian Eriksen CM 98 25 (49) 2010-2014
77%
5 Davy Klaassen CM 126 44 (30) 2011-2017
77%
2 Joël Veltman RB 179 10 (14) 2012-2020
77%
10 Jasper Cillessen GK 101 0 (0) 2011-2017
74%
22 Klaas-Jan Huntelaar ST 74 38 (14) 2017-2020
74%
55 Maarten Stekelenburg GK 26 0 (0) 2010-2011
74%
36 Arkadiusz Milik ST 52 32 (12) 2014-2016
71%
49 Davinson Sánchez CB 32 6 (2) 2016-2017
71%
57 Bertrand Traoré RW 24 9 (1) 2016-2017
68%
80 Edson Álvarez DM 12 0 (0) 2019-2020
68%
84 Lassina Traoré ST 10 2 (2) 2018-2020
68%
77 Lesly de Sa RW 13 1 (1) 2012-2014
68%
60 Lisandro Martínez CB 24 2 (1) 2019-2020
68%
78 Luis Suárez ST 13 7 (7) 2010-2011
65%
24 Amin Younes LW 69 12 (18) 2015-2018
61%
16 Kenneth Vermeer GK 80 0 (1) 2010-2015
58%
13 Thulani Serero DM 88 8 (5) 2011-2016
58%
18 Viktor Fischer LW 79 24 (13) 2012-2016
58%
27 Daley Sinkgraven LB 63 1 (9) 2014-2019
55%
17 Kolbeinn Sigthórsson ST 80 31 (8) 2011-2015
52%
21 Niklas Moisander CB 77 5 (5) 2012-2015
52%
8 Ricardo van Rhijn RB 117 4 (9) 2011-2016
52%
52 Maximilian Wöber CB 30 1 (0) 2017-2019
48%
31 Miralem Sulejmani LM 59 19 (10) 2010-2013
48%
14 Nick Viergever CB 84 6 (5) 2014-2018
48%
26 Vurnon Anita DM 65 5 (3) 2010-2013
48%
28 Jaïro Riedewald DM 63 2 (1) 2013-2017
45%
50 Kenny Tete RB 31 0 (1) 2014-2017
45%
101 Kostas Lamprou GK 3 0 (0) 2017-2019
45%
109 Lisandro Magallán CB 2 0 (0) 2018-2019
45%
65 Quincy Promes LW 20 12 (4) 2019-2020
45%
85 Răzvan Marin DM 10 0 (1) 2019-2020
45%
58 Bojan Krkic CF 24 4 (4) 2013-2014
42%
35 Gregory van der Wiel RB 54 4 (9) 2010-2013
42%
107 Johnny Heitinga CB 2 0 (0) 2015-2016
42%
43 Nemanja Gudelj DM 40 6 (9) 2015-2017
42%
71 Urby Emanuelson CM 18 1 (0) 2010-2011
42%
76 Zakaria Labyad AM 14 2 (4) 2018-2020
42%
23 Anwar El Ghazi RW 70 20 (13) 2014-2017
39%
105 Diederik Boer GK 2 0 (0) 2014-2016
39%
97 Heiko Westermann CB 4 0 (0) 2016-2017
39%
64 Ryan Babel LW 21 4 (6) 2012-2013, 2019-2020
39%
74 Vaclav Cerny RW 16 1 (3) 2015-2018
39%
34 Christian Poulsen DM 54 1 (4) 2012-2014
35%
118 Jurrien Timber RB 1 0 (0) 2019-2020
35%
42 Justin Kluivert AM 44 12 (9) 2016-2018
35%
47 Mike van der Hoorn CB 33 3 (1) 2013-2016
35%
56 Mounir El Hamdaoui ST 26 13 (4) 2010-2011
35%
38 Nicolai Boilesen CB 52 1 (5) 2010-2012, 2013-2015
35%
46 Ricardo Kishna LW 34 6 (7) 2013-2015
35%
114 Bruno Varela GK 1 0 (0) 2019-2020
32%
68 Dmitriy Bulykin ST 19 9 (2) 2011-2012
32%
37 Eyong Enoh DM 52 1 (2) 2010-2013
32%
66 Rasmus Kristensen RB 20 0 (3) 2017-2019
32%
39 Riechedly Bazoer CB 51 6 (5) 2014-2017
32%
87 Abdelhak Nouri CM 9 0 (0) 2016-2017
29%
48 Danny Hoesen ST 32 7 (4) 2012-2014
29%
41 Derk Boerrigter LW 47 12 (8) 2011-2013
29%
83 Jurgen Ekkelenkamp CM 10 1 (2) 2017-2020
29%
119 Luis Orejuela RB 1 0 (0) 2017-2018
29%
63 Mateo Cassierra ST 21 3 (0) 2016-2018
29%
95 Mido ST 5 2 (0) 2010-2011
29%
33 Mitchell Dijks LB 56 0 (8) 2012-2013, 2015-2018
29%
82 Perr Schuurs CB 11 1 (0) 2018-2020
29%
62 Stefano Denswil CB 22 1 (1) 2012-2015
29%
72 Carel Eiting CM 17 0 (1) 2017-2020
26%
94 Dani de Wit AM 5 0 (0) 2017-2019
26%
115 Danilo ST 1 0 (0) 2019-2020
26%
99 Isaac Cuenca LW 3 0 (1) 2012-2013
26%
69 Ismail Aissati AM 18 2 (5) 2010-2012
26%
45 Lucas Andersen AM 37 2 (3) 2012-2015
26%
79 Nicolás Lodeiro AM 13 2 (6) 2011-2012
26%
86 Ryan Gravenberch DM 10 2 (1) 2018-2020
26%
73 Tobias Sana LW 17 4 (1) 2012-2014
26%
54 Aras Özbiliz RW 26 2 (2) 2010-2012
23%
53 Demy de Zeeuw CM 27 1 (5) 2010-2011
23%
100 Jeroen Verhoeven GK 3 0 (0) 2010-2011
23%
90 Noa Lang LW 8 3 (1) 2018-2020
23%
91 Richairo Zivkovic ST 7 1 (1) 2014-2015
23%
51 Theo Janssen CM 31 9 (8) 2011-2013
23%
104 Yaya Sanogo ST 3 0 (0) 2015-2016
23%
61 André Ooijer CB 22 3 (0) 2010-2012
19%
92 Darío Cvitanich ST 6 0 (2) 2010-2011
19%
59 Jody Lukoki RW 24 5 (2) 2010-2013
19%
44 Lorenzo Ebecilio AM 38 9 (5) 2010-2012
19%
88 Niki Zimling DM 9 0 (0) 2014-2015
19%
102 Oleguer CB 3 1 (0) 2010-2011
19%
108 Kaj Sierhuis ST 2 0 (0) 2018-2019
16%
111 Robert Muric RW 2 0 (1) 2015-2016
16%
75 Rasmus Lindgren CB 15 1 (0) 2010-2011
13%
98 Dennis Johnsen LW 3 0 (0) 2017-2019
10%
106 Fabian Sporkslede DM 2 0 (0) 2012-2013
10%
116 Geoffrey Castillion ST 1 0 (0) 2010-2011
10%
117 Ilan Boccara DM 1 0 (0) 2012-2013
10%
81 Ruben Ligeon RB 12 0 (2) 2011-2015
10%
112 Teemu Tainio DM 2 0 (0) 2010-2011
10%
93 Deyovaisio Zeefuik RB 6 0 (0) 2016-2018
6%
89 Dico Koppers LB 8 0 (0) 2011-2012
6%
96 Florian Jozefzoon RW 4 0 (1) 2010-2011
6%
70 Lerin Duarte CM 18 3 (0) 2013-2015
6%
103 Queensy Menig LW 3 0 (0) 2014-2015
6%
121 Roly Bonevacia CM 1 0 (0) 2010-2011
6%
122 Sam Hendriks ST 1 0 (1) 2015-2016
6%
123 Sontje Hansen RW 1 0 (0) 2019-2020
6%
110 Marvin Zeegelaar LB 2 0 (0) 2010-2011
3%
113 Azor Matusiwa DM 1 0 (0) 2017-2018
0%
120 Pelle Clement CM 1 0 (0) 2016-2017
0%
No matching quizzes found
Score Distribution
Percent of People with Each Score
Percentile by Number Answered
Your Score History
You have not taken this quiz